Places To Study

There are group study rooms, individual study carrels, computer labs, and other spaces to study in the Libraries.

Reserve A Group Room

Online Resources

Access thousands of eBooks, audiobooks, and online journals from the comfort of your home.

Explore Resources

Events and Workshops

Join our upcoming events and workshops to enhance your skills and knowledge.

View Events

ဆိုင်းသမား / (Record no. 2617)

MARC details
000 -LEADER
fixed length control field 00913nam a22001937a 4500
003 - CONTROL NUMBER IDENTIFIER
control field OSt
005 - DATE AND TIME OF LATEST TRANSACTION
control field 20251125100408.0
008 - FIXED-LENGTH DATA ELEMENTS--GENERAL INFORMATION
fixed length control field 251125b |||||||| |||| 00| 0 eng d
040 ## - CATALOGING SOURCE
Transcribing agency DCL
082 ## - DEWEY DECIMAL CLASSIFICATION NUMBER
Classification number ၉၂၇.၈၄၂
100 0# - MAIN ENTRY--PERSONAL NAME
Personal name စိန်တင်ဟန်၊
Titles and words associated with a name ရွာစား
245 10 - TITLE STATEMENT
Title ဆိုင်းသမား /
Statement of responsibility, etc. ရွာစားစိန်တင်ဟန်။
250 ## - EDITION STATEMENT
Edition statement ဒုတိယအကြိမ်။
264 ## - PRODUCTION, PUBLICATION, DISTRIBUTION, MANUFACTURE, AND COPYRIGHT NOTICE
Place of production, publication, distribution, manufacture ရန်ကုန် ၊
Name of producer, publisher, distributor, manufacturer နှစ်ကာလများစာပေ၊
Date of production, publication, distribution, manufacture, or copyright notice ၂၀၂၄။
300 ## - PHYSICAL DESCRIPTION
Extent ၄၉၄ စာမျက်နှာ၊
Other physical details ပုံများ ၊
Dimensions ၂၁ စင်တီ။
600 ## - SUBJECT ADDED ENTRY--PERSONAL NAME
Personal name စိန်တင်ဟန်၊ ရွာစား
Form subdivision အတ္ထုပ္ပတ္တိ။
650 ## - SUBJECT ADDED ENTRY--TOPICAL TERM
Topical term or geographic name entry element ဆိုင်းသမား
General subdivision အတ္ထုပ္ပတ္တိ
942 ## - ADDED ENTRY ELEMENTS (KOHA)
Source of classification or shelving scheme Dewey Decimal Classification
Koha item type Short Term
Suppress in OPAC No
Holdings
Withdrawn status Lost status Source of classification or shelving scheme Damaged status Not for loan Collection Accession No. Home library Current library Shelving location Date acquired Total checkouts Full call number Barcode Date last seen Price effective from Koha item type
    Dewey Decimal Classification     Myanmar Collection ၃၁၂၀ Dhammadhara Dhammadhara Myanmar Shelves 25/11/2025   ၉၂၇.၈၄၂ စိန် ၃၁၂၀ MB00003120 25/11/2025 25/11/2025 Short Term